| 000 | 00600nam a2200193Ia 4500 | ||
|---|---|---|---|
| 999 |
_c37705 _d37705 |
||
| 003 | GCL | ||
| 005 | 20240530103226.0 | ||
| 008 | 140319s9999 xx 000 0 ara d | ||
| 040 |
_aGCL / _cGCL |
||
| 082 | 0 | 4 |
_a301.2 _bع ا |
| 100 | 1 | _aعاطف وصفى | |
| 245 | 1 | 0 |
_aالانثروبولوجيا الاجتماعية / _cعاطف وصفى |
| 260 |
_aبيروت : _bدار النهضة العربية |
||
| 300 |
_a187 ص ؛ _c24 سم |
||
| 650 | 0 | 4 | _aالنظم الاجتماعية |
| 650 | 0 | 4 | _aالبدائية |
| 650 | 0 | 4 | _aالانثربولوجيا الاجتماعية |
| 942 |
_2ddc _cBK |
||